Color, space, and style : (Record no. 66343)
[ view plain ]
| 000 -الفاتح | |
|---|---|
| حقل البيانات ثابتة الطول | 01305cam a2200313 a 4500 |
| 005 - وقت وتاريخ اخر تعامل مع التسجيلة | |
| رقم الضبط | 20240530110913.0 |
| 008 - عناصر البيانات ثابتة الطول - معلومات عامة | |
| حقل البيانات ثابتة الطول | 070413s2007 maua b 001 0 eng |
| 010 ## - | |
| -- | 2007015924 |
| 020 ## - الرقم الدولى المعيارى للكتب | |
| الرقم الدولى المعيارى للكتاب | 9781592532278 (pbk.) |
| 020 ## - الرقم الدولى المعيارى للكتب | |
| الرقم الدولى المعيارى للكتاب | 1592532276 (pbk.) |
| 040 ## - مصدر الفهرسة | |
| وكالة الفهرسة الأصلية | DLC |
| وكالة النسخ | DLC |
| وكالة التعديل | DLC |
| 050 00 - | |
| -- | NK2115 |
| -- | .G75 2007 |
| 082 04 - رقم تصنيف ديوى العشرى | |
| رقم التصنيف | 747.94 |
| رقم الطبعة | 22 |
| رقم المادة | G C |
| 100 1# - المدخل الرئيسى - إسم شخصى | |
| الإسم الشخصى | Grimley, Chris. |
| 245 10 - بيان العنوان | |
| العنوان | Color, space, and style : |
| بقية العنوان | all the details interior designers need to know but can never find / |
| بيان المسئوليه,etc | Chris Grimley, Mimi Love. |
| 260 ## - PUBLICATION, DISTRIBUTION, ETC. (IMPRINT) | |
| تاريخ النشر أو التوزيع | c2007. |
| 300 ## - الوصف المادى | |
| التعداد | 287 p. : |
| تفاصيل ماديه اخرى للوعاء | ill. ; |
| أبعاد الوعاء | 22 cm. |
| 504 ## - تبصرة ببليوجرافية | |
| تبصرة ببليوجرافية,الخ | Includes bibliographical references and index. |
| 650 #0 - المدخل الاضافى بالموضوع-مصطلح موضوعى | |
| مصطلح موضوعي | Interior decoration |
| التقسيم الفرعي الشكلي | Handbooks, manuals, etc. |
| 700 1# - المدخل الاضافى - اسم شخصى | |
| الإسم الشخصى | Love, Mimi. |
| 942 ## - عناصر المدخل الإضافي( كوها) | |
| مصدر التصنيف او مخطط الترفيف | Dewey Decimal Classification |
| Koha [default] item type | كتاب |
| 260 ## - PUBLICATION, DISTRIBUTION, ETC. (IMPRINT) | |
| -- | Beverly, Mass. : |
| -- | Rockport Publishers, |
| 856 41 - الوصول و الموقع الالكترونى | |
| مواد محددة | Table of contents only |
| معرف المصدر الموحد | http://www.loc.gov/catdir/toc/ecip0715/2007015924.html |
| 856 42 - الوصول و الموقع الالكترونى | |
| مواد محددة | Publisher description |
| معرف المصدر الموحد | http://www.loc.gov/catdir/enhancements/fy0713/2007015924-d.html |
| 856 42 - الوصول و الموقع الالكترونى | |
| مواد محددة | Contributor biographical information |
| معرف المصدر الموحد | http://www.loc.gov/catdir/enhancements/fy0737/2007015924-b.html |
| 906 ## - عنصر بيانات محلى F, LDF (RLIN) | |
| a | 7 |
| b | cbc |
| c | orignew |
| d | 1 |
| e | ecip |
| f | 20 |
| g | y-gencatlg |
| حالة التراجع | حالة الفقد | مصدر التصنيف او خطة الترفيف | حالة تلف | ليس للاعارة | المكان المؤقت | الموقع الحالى | موقع الترفيف | تاريخ الاكتساب | اجمالي اﻻعارات | رقم الطلب | الباركود | تاريخ اخر مشاهدة | تاريخ تفعيل السعر | نوع وعاء كوها |
|---|---|---|---|---|---|---|---|---|---|---|---|---|---|---|
| ddc | مكتبة القاهرة الكبرى | مكتبة القاهرة الكبرى | 03/26/2022 | 747.94\G C | 167704 | 03/26/2022 | 03/26/2022 | كتاب |

